MARC

LEADER 00000nam0a2200000 4500
001 318186
005 20231102003042.0
035 |a (RuTPU)RU\TPU\book\343683 
090 |a 318186 
100 |a 20160422d1974 km y0rusy50 ca 
101 0 |a rus 
102 |a RU 
105 |a a z 001zy 
200 1 |a Сварка пластмасс ультразвуком  |f С. С. Волков, Ю. Н. Орлов, Б. Я. Черняк 
210 |a Москва  |c Химия  |d 1974 
215 |a 264 с.  |c ил. 
320 |a Библиогр.: с. 254-260. 
320 |a Предметный указатель: с. 261-264. 
606 2 |a Пластмассы  |x Сварка  |x Склеивание  |2 stltpush  |3 (RuTPU)RU\TPU\subj\49143  |9 67954 
606 1 |a Ультразвук  |x Действие на материалы  |2 stltpush  |3 (RuTPU)RU\TPU\subj\62992  |9 80044 
610 1 |a применение 
610 1 |a соединения 
610 1 |a образование 
610 1 |a технология 
610 1 |a оборудование 
610 1 |a контроль 
675 |a 678.5.029.4  |v 3 
675 |a 534-8  |v 3 
700 1 |a Волков  |b С. С.  |g Станислав Степанович 
701 1 |a Орлов  |b Ю. Н.  |g Юрий Николаевич 
701 1 |a Черняк  |b Б. Я.  |g Борис Яковлевич 
801 1 |a RU  |b 63413507  |c 20160422 
801 2 |a RU  |b 63413507  |c 20160617  |g RCR 
942 |c BK